000 00329nam a22001337a 4500
020 _a978-93-5141-891-7
082 _a574
_bBHA/B
100 _aHEMA BATRA, SHIKA SHARMA, KANCHAN UPRETI
245 _aALL IN ONE BIOLOGY
_bCLASS XI
260 _aDELHI
_bARIHANT
300 _a670
650 _aBIOLOGY FOR CLASS XI
_zINDIA
942 _cBK
999 _c561
_d561